| 000 | 01350nam a2200373 c 4500 | ||
|---|---|---|---|
| 999 |
_c142423 _d142423 |
||
| 003 | BLK | ||
| 005 | 20250401123018.0 | ||
| 008 | 180409b bul|||||r ||||||| ||bul|| | ||
| 010 | _aKNG00148513000 | ||
| 020 | _a978-954-28-1343-9 | ||
| 040 | _aBLK | ||
| 041 |
_aBUL _cBUL |
||
| 072 | 7 |
_2bullib _aН83 _xЧужда художествена литература Н |
|
| 080 |
_aТурска литература _b821.512.161 _x-311.6 _z821.512.161-311.6 |
||
| 100 | 1 |
_aАкман, Беязът _eпърви автор _929862 |
|
| 139 |
_aАкман, Беязът _bА 40 |
||
| 245 | 1 | 0 |
_aПоследният сефарад _bВойната на Султан Баязид : Роман _cБеязът Акман; прев. Елен Кирчева. |
| 257 | _aTUR | ||
| 260 |
_bСиела Норма _c2013 _fСофия : Мултипринт |
||
| 300 |
_a656 с. _c21 см |
||
| 380 | _aX | ||
| 490 | 1 |
_aИмперията _vІІ |
|
| 500 | _aОриг. загл. Imparatorluk 2 / Beyazit Akman. | ||
| 653 | _aисторически романи | ||
| 659 | _aН | ||
| 700 | 1 |
_aКирчева, Елен _eпрев. _9379620 |
|
| 852 | _aЦб 258693 | ||
| 856 | 4 | _qpdf | |
| 856 | 4 | _qpdf | |
| 942 |
_cKNG _n0 _049 |
||
| 944 |
_aCR _c06.08.2013 _lЦветелина Шанова _k30531 |
||
| 944 |
_aED _c13.03.2014 _lф / |
||
| 999 | _d142423 | ||